5HLuxD.jpg

KING HENRY VIII SENIOR AND PRIMARY SCHOOL LIBRARY OPAC

One day at HorrorLand (Record no. 3505)

000 -LEADER
fixed length control field 00863nam a22002297a 4500
005 - DATE AND TIME OF LATEST TRANSACTION
control field 20240205090337.0
008 - FIXED-LENGTH DATA ELEMENTS--GENERAL INFORMATION
fixed length control field 240205b ||||| |||| 00| 0 eng d
020 ## - INTERNATIONAL STANDARD BOOK NUMBER
International Standard Book Number 9781407157450
040 ## - CATALOGING SOURCE
Transcribing agency KH8
082 ## - DEWEY DECIMAL CLASSIFICATION NUMBER
Classification number FIC STI
100 ## - MAIN ENTRY--PERSONAL NAME
Personal name Stine, R. L.
Relator term Author
245 ## - TITLE STATEMENT
Title One day at HorrorLand
Statement of responsibility, etc. R. L. Stine
260 ## - PUBLICATION, DISTRIBUTION, ETC.
Place of publication, distribution, etc. London,
Name of publisher, distributor, etc. Scholastic,
Date of publication, distribution, etc. 2015
300 ## - PHYSICAL DESCRIPTION
Extent 123 pages ;
Dimensions 20 cm.
440 ## - SERIES STATEMENT/ADDED ENTRY--TITLE
Title Goosebumps,
Volume/sequential designation 16
500 ## - GENERAL NOTE
General note Includes: Behind the screams<br/>First published in the US by Scholastic Inc, 1994
520 ## - SUMMARY, ETC.
Summary, etc. When they get lost on their way to Zoo Gardens Theme Park, the Morris family instead finds Horrorland, an amusement park with no crowds, no lines, and heart-stopping rides that go beyond creepy
650 ## - SUBJECT ADDED ENTRY--TOPICAL TERM
Topical term or geographic name entry element Amusement parks
650 ## - SUBJECT ADDED ENTRY--TOPICAL TERM
Topical term or geographic name entry element Amusement parks
Form subdivision Juvenile fiction
650 ## - SUBJECT ADDED ENTRY--TOPICAL TERM
Topical term or geographic name entry element Children's stories
942 ## - ADDED ENTRY ELEMENTS (KOHA)
Source of classification or shelving scheme
Koha item type Books - Fiction
Holdings
Withdrawn status Lost status Source of classification or shelving scheme Damaged status Not for loan Collection code Permanent Location Current Location Shelving location Date acquired Total Checkouts Total Renewals Full call number Barcode Date last seen Date last checked out Price effective from Koha item type
          Fiction KH8 Primary School Library KH8 Primary School Library Fiction 2024-02-05 13 2 FIC STI KHPL000004451 2025-12-05 2025-11-03 2024-02-05 Books - Fiction

Powered By KH8 IT Dept